[Event "RSSU-chT"]
[Site "Moscow"]
[Date "2010.12.05"]
[Round "5"]
[White "Yarullina, Alina"]
[Black "Nakhapetiane, Pogos"]
[Result "0-1"]
[WhiteElo "2051"]
[BlackElo "2467"]
[PlyCount "108"]
[EventDate "2010.12.01"]
[EventType "team-swiss"]
[EventRounds "9"]
[EventCountry "RUS"]
[SourceTitle "CBM 139 Extra"]
[Source "ChessBase"]
[SourceDate "2011.01.05"]
[SourceVersion "1"]
[SourceVersionDate "2011.01.05"]
[SourceQuality "1"]

1. e4 e6 2. d4 b6 3. Nd2 Bb7 4. Bd3 c5 5. c3 d6 6. Ne2 g6 7. 0-0 Ne7 8. Nf3 Bg7 9. Bf4 0-0 10. Qd2 Nbc6 11. Rfd1 e5 12. dxe5 Nxe5 13. Nxe5 dxe5 14. Bg5 Qc7 15. f3 Rad8 16. Qe3 Rd6 17. Rd2 Nc8 18. Bc4 Kh8 19. Rad1 f6 20. Bh6 Rfd8 21. Bxg7+ Kxg7 22. b3 a6 23. a4 Rxd2 24. Rxd2 Rxd2 25. Qxd2 Qd6 26. Qxd6 Nxd6 27. Be6 c4 28. b4 Bc6 29. a5 bxa5 30. bxa5 f5 31. exf5 gxf5 32. Kf2 Kf6 33. Bg8 h6 34. Nc1 f4 35. Na2 e4 36. fxe4 Nxe4+ 37. Ke1 Bb5 38. Bd5 Nc5 39. Nb4 Ke5 40. Bc6 Bxc6 41. Nxc6+ Ke4 42. Nb4 Ke3 43. h3 f3 44. gxf3 Kxf3 45. Kf1 h5 46. h4 Kg3 47. Kg1 Kxh4 48. Nd5 Nb3 49. Nb4 Nxa5 50. Nxa6 Kg3 51. Nc5 Nb3 52. Ne4+ Kf3 53. Nd6 Nd2 54. Kh2 Kg4 0-1

[Event "Pan-Armenian ol"]
[Site "Yerevan"]
[Date "2010.08.22"]
[Round "8"]
[White "Nakhapetiane, Pogos"]
[Black "Mirumian, Vigen"]
[Result "1-0"]
[WhiteElo "2449"]
[BlackElo "2504"]
[PlyCount "71"]
[EventDate "2010.08.15"]
[EventType "swiss"]
[EventRounds "9"]
[EventCountry "ARM"]
[SourceTitle "CBM 138 Extra"]
[Source "ChessBase"]
[SourceDate "2010.10.29"]
[SourceVersion "1"]
[SourceVersionDate "2010.10.29"]
[SourceQuality "1"]

1. e4 c5 2. Nf3 e6 3. d4 cxd4 4. Nxd4 a6 5. Nc3 d6 6. g4 b5 7. Bg2 Bb7 8. a3 Nd7 9. 0-0 Ne7 10. f4 Nc6 11. Be3 Be7 12. e5 d5 13. f5 Nxd4 14. Bxd4 Bc5 15. fxe6 fxe6 16. Ne2 Qb6 17. Kh1 Bxd4 18. Nxd4 0-0-0 19. g5 h6 20. g6 h5 21. Bh3 Kb8 22. Re1 Nc5 23. c3 Qc7 24. Qe2 Rdf8 25. Rf1 Ne4 26. Bxe6 Qxe5 27. Bf7 h4 28. Qf3 Ka8 29. Rae1 Rc8 30. Qf5 Qd6 31. Qe6 Qc7 32. Rf5 Qc4 33. Qb6 Rcd8 34. Rxe4 Qa2 35. Re1 Qxb2 36. Nc6 1-0

[Event "Pan-Armenian ol"]
[Site "Yerevan"]
[Date "2010.08.20"]
[Round "6"]
[White "Nakhapetiane, Pogos"]
[Black "Kotanjian, Tigran"]
[Result "1-0"]
[WhiteElo "2449"]
[BlackElo "2551"]
[PlyCount "75"]
[EventDate "2010.08.15"]
[EventType "swiss"]
[EventRounds "9"]
[EventCountry "ARM"]
[SourceTitle "CBM 138 Extra"]
[Source "ChessBase"]
[SourceDate "2010.10.29"]
[SourceVersion "1"]
[SourceVersionDate "2010.10.29"]
[SourceQuality "1"]

1. e4 c5 2. Nf3 Nc6 3. d4 cxd4 4. Nxd4 e6 5. Nc3 Qc7 6. Be3 a6 7. Qd2 Nf6 8. 0-0-0 Be7 9. f3 0-0 10. g4 b5 11. g5 Ne8 12. h4 Bb7 13. Nxc6 Bxc6 14. Ne2 Rc8 15. Nd4 Bb7 16. h5 Nd6 17. Rh3 f5 18. gxf6 Bxf6 19. Nb3 Nc4 20. Bxc4 bxc4 21. Nc5 c3 22. Qxd7 cxb2+ 23. Kb1 Rcd8 24. Qxe6+ Kh8 25. Rhh1 Bc8 26. Qc4 h6 27. f4 Rxd1+ 28. Rxd1 Bg4 29. Rg1 Bxh5 30. e5 Bf7 31. Qxa6 Be7 32. Ne6 Qc3 33. Nxg7 Kh7 34. Nf5 Bd6 35. Nxd6 Qxe3 36. Rg7+ Kh8 37. Nxf7+ Kxg7 38. Qf6+ 1-0

[Event "Pan-Armenian ol"]
[Site "Yerevan"]
[Date "2010.08.18"]
[Round "4"]
[White "Nakhapetiane, Pogos"]
[Black "Abrahamyan, Tatev"]
[Result "1-0"]
[WhiteElo "2449"]
[BlackElo "2310"]
[PlyCount "65"]
[EventDate "2010.08.15"]
[EventType "swiss"]
[EventRounds "9"]
[EventCountry "ARM"]
[SourceTitle "CBM 138 Extra"]
[Source "ChessBase"]
[SourceDate "2010.10.29"]
[SourceVersion "1"]
[SourceVersionDate "2010.10.29"]
[SourceQuality "1"]

1. e4 e6 2. d4 d5 3. Nc3 Bb4 4. e5 Ne7 5. a3 Bxc3+ 6. bxc3 c5 7. a4 Nbc6 8. Nf3 Qa5 9. Qd2 Bd7 10. Be2 0-0 11. Ba3 b6 12. 0-0 f6 13. exf6 Rxf6 14. Rfb1 c4 15. Ne5 Be8 16. Re1 Ng6 17. Ng4 Rf7 18. g3 Nge7 19. Bf1 Bd7 20. Bb4 Qa6 21. h4 Nf5 22. Ne5 Nxe5 23. Rxe5 Qb7 24. a5 a6 25. Bh3 Qc6 26. h5 Rf6 27. Qe2 Nh6 28. Be7 Nf5 29. Bxf6 gxf6 30. Qg4+ Kh8 31. Ree1 bxa5 32. Qf4 Rg8 33. Bxf5 1-0

[Event "Pan-Armenian ol"]
[Site "Yerevan"]
[Date "2010.08.16"]
[Round "2"]
[White "Matinian, Nikita"]
[Black "Nakhapetiane, Pogos"]
[Result "1/2-1/2"]
[WhiteElo "2380"]
[BlackElo "2449"]
[PlyCount "161"]
[EventDate "2010.08.15"]
[EventType "swiss"]
[EventRounds "9"]
[EventCountry "ARM"]
[SourceTitle "CBM 138 Extra"]
[Source "ChessBase"]
[SourceDate "2010.10.29"]
[SourceVersion "1"]
[SourceVersionDate "2010.10.29"]
[SourceQuality "1"]

1. e4 c5 2. Nf3 Nc6 3. Nc3 e6 4. Bb5 Nge7 5. 0-0 a6 6. Bxc6 Nxc6 7. d4 cxd4 8. Nxd4 Qc7 9. Re1 Bd6 10. Nd5 exd5 11. exd5+ Ne5 12. f4 0-0 13. fxe5 Bxe5 14. Nf3 Bf6 15. d6 Qc6 16. c3 b5 17. Bf4 Bb7 18. Be5 Bxe5 19. Rxe5 Rae8 20. Qd4 Re6 21. Rd1 Rc8 22. Rxe6 dxe6 23. Rd2 f6 24. Ne1 Rd8 25. Nc2 e5 26. Qd3 Qe4 27. Qxe4 Bxe4 28. Nb4 Bb7 29. b3 Kf7 30. c4 a5 31. Nc2 bxc4 32. bxc4 Ke6 33. c5 Bc6 34. Ne3 Rc8 35. Nc4 Bd7 36. Nxa5 Rxc5 37. Nb7 Rc1+ 38. Kf2 Ba4 39. g3 h6 40. Rd3 Rc2+ 41. Ke3 Bc6 42. a3 Kd7 43. Na5 Rc5 44. Nxc6 Rxc6 45. a4 Rxd6 46. Ra3 Kc6 47. Ke4 g6 48. Rc3+ Kb7 49. Rb3+ Rb6 50. Rd3 Kc7 51. Ra3 Kc6 52. a5 Ra6 53. Ra1 Kd6 54. g4 Ke6 55. Ra2 f5+ 56. gxf5+ gxf5+ 57. Ke3 Kd5 58. Ra1 h5 59. h4 Kd6 60. Kd3 Kd5 61. Ke3 Kc6 62. Rc1+ Kb5 63. Rf1 Rf6 64. Rd1 Re6 65. Rd5+ Kc6 66. Rd8 Rg6 67. a6 Rg3+ 68. Kf2 Ra3 69. Rh8 Kd5 70. Rxh5 Ke4 71. Rh6 Ra2+ 72. Kg3 Ra3+ 73. Kg2 f4 74. h5 Ra2+ 75. Kh3 Ra3+ 76. Kg2 Ra2+ 77. Kh3 Kf3 78. Re6 e4 79. h6 Ra1 80. Kh4 e3 81. Kg5 1/2-1/2

[Event "Pan-Armenian ol"]
[Site "Yerevan"]
[Date "2010.08.15"]
[Round "1"]
[White "Nakhapetiane, Pogos"]
[Black "Gevorgyan, Irina"]
[Result "1-0"]
[WhiteElo "2449"]
[BlackElo "2163"]
[PlyCount "97"]
[EventDate "2010.08.15"]
[EventType "swiss"]
[EventRounds "9"]
[EventCountry "ARM"]
[SourceTitle "CBM 138 Extra"]
[Source "ChessBase"]
[SourceDate "2010.10.29"]
[SourceVersion "1"]
[SourceVersionDate "2010.10.29"]
[SourceQuality "1"]

1. e4 c5 2. Nf3 e6 3. d4 cxd4 4. Nxd4 a6 5. Nc3 Qc7 6. Bd3 Nf6 7. 0-0 Bc5 8. Nb3 Be7 9. f4 d6 10. a4 0-0 11. Be3 Nbd7 12. a5 b5 13. axb6 Nxb6 14. Qe2 Bb7 15. Na5 Bc8 16. Kh1 Nbd7 17. Qf3 Bb7 18. Nxb7 Qxb7 19. Ra2 Nc5 20. Bxc5 dxc5 21. Rfa1 a5 22. b3 g6 23. Be2 Qc7 24. e5 Nh5 25. Nb5 Qb6 26. Na3 f6 27. Nc4 Qc7 28. Qe4 Ng7 29. Rxa5 Rxa5 30. Rxa5 fxe5 31. fxe5 Nf5 32. Ra8 Nd4 33. Rxf8+ Bxf8 34. Bg4 Qa7 35. h4 Qa1+ 36. Kh2 Qc1 37. Nd6 Qd2 38. c3 Qxc3 39. Bxe6+ Nxe6 40. Qd5 Bxd6 41. Qxe6+ Kg7 42. Qf6+ Kg8 43. Qxd6 Qxb3 44. e6 Qb4 45. Qd8+ Kg7 46. Qe7+ Kh6 47. Qg5+ Kg7 48. Qe5+ Kf8 49. Qf6+ 1-0

[Event "Wch U18"]
[Site "Kemer"]
[Date "2007.11.24"]
[Round "7"]
[White "Warakomski, Tomasz"]
[Black "Nakhapetiane, Pogos"]
[Result "0-1"]
[WhiteElo "2498"]
[BlackElo "2427"]
[PlyCount "80"]
[EventDate "2007.11.18"]
[EventType "swiss"]
[EventRounds "11"]
[EventCountry "TUR"]
[SourceTitle "CBM 121 Extra"]
[Source "ChessBase"]
[SourceDate "2008.01.10"]
[SourceVersion "1"]
[SourceVersionDate "2008.01.10"]
[SourceQuality "1"]

1. e4 e6 2. d4 d5 3. Nd2 c5 4. exd5 Qxd5 5. Ngf3 cxd4 6. Bc4 Qd6 7. 0-0 Nf6 8. Nb3 Nc6 9. Nbxd4 Nxd4 10. Nxd4 a6 11. Re1 Bd7 12. Bg5 0-0-0 13. Bb3 Qc5 14. Be3 Qc7 15. Qf3 e5 16. Ne2 Bd6 17. Qg3 Ng4 18. Rad1 Nxe3 19. Qxe3 Bb4 20. c3 Bc5 21. Qg3 g6 22. Nc1 f6 23. Bd5 Kb8 24. b4 Bd6 25. Nb3 e4 26. Qe3 f5 27. g3 Rhe8 28. Nc5 Bc8 29. Qd4 Be5 30. Qc4 Ka7 31. Qb3 Bd6 32. Na4 b5 33. Nb2 Be5 34. c4 Bxb2 35. Qxb2 bxc4 36. Qd4+ Qb6 37. Qxc4 e3 38. fxe3 Rxe3 39. Kf1 f4 40. Bg2 f3 0-1